LEADER 00971nam0 2200301 450 001 9910221159003321 005 20171130105405.0 010 $a978-88-7228-647-0 100 $a20171020d2011----kmuy0itay5050 ba 101 0 $aita 102 $aIT 105 $a 001yy 200 1 $a<>vici rurali nel paesaggio dell'Italia romana$fElisabetta Todisco 210 $aS. Spirito (Bari)$cEdipuglia$d2011 215 $a278 p.$d24 cm. 225 1 $aDocumenti e studi$v50$fUniversità degli studi di Bari Aldo Moro. Dipartimento di scienze dell'antichità 610 0 $aInsediamenti rurali$aItalia$aAntichità 610 0 $aPaesaggio rurale romano 676 $a937 676 $a307.7209 700 1$aTodisco,$bElisabetta$0254557 801 0$aIT$bUNINA$gREICAT$2UNIMARC 901 $aBK 912 $a9910221159003321 952 $a937 TOD 1$bfil. class.$fFLFBC 959 $aFLFBC 996 $aVici rurali nel paesaggio dell'Italia romana$9240543 997 $aUNINA LEADER 01412oam 2200469zu 450 001 9910671369603321 005 20210803234706.0 010 $a84-9031-657-0 035 $a(CKB)2550000001199999 035 $a(SSID)ssj0001673661 035 $a(PQKBManifestationID)16472422 035 $a(PQKBTitleCode)TC0001673661 035 $a(PQKBWorkID)15010093 035 $a(PQKB)11450100 035 $a(EXLCZ)992550000001199999 100 $a20160829d2013 uy 101 0 $aspa 181 $ctxt 182 $cc 183 $acr 200 00$aEducación, libertad y cuidado 210 31$a[Place of publication not identified]$cDykinson$d2013 300 $aBibliographic Level Mode of Issuance: Monograph 311 $a84-9031-556-6 606 $aEducation$xMoral and ethical aspects 606 $aAcademic freedom 606 $aTheory & Practice of Education$2HILCC 606 $aEducation$2HILCC 606 $aSocial Sciences$2HILCC 615 0$aEducation$xMoral and ethical aspects 615 0$aAcademic freedom 615 7$aTheory & Practice of Education 615 7$aEducation 615 7$aSocial Sciences 676 $a371.1/04 702 $aIbáñez-Martín$b José Antonio 702 $aIbâaänez-Martâin$b Josâe Antonio 801 0$bPQKB 906 $aBOOK 912 $a9910671369603321 996 $aEducación, libertad y cuidado$93053176 997 $aUNINA